000 nam a22 7a 4500
999 _c16129
_d16129
008 161108b xxu||||| |||| 00| 0 eng d
020 _a9780495558880
050 _aQA 152.3 .G87 2010
100 _aGustafson, R. David.
245 _aCollege algebra/
_cR. David Gustafson, Peter D. Frisk and Jeffrey D. Hughes.
250 _a10th ed.
260 _aAustaralia :
_bBrook/ Cole ,
_c2010.
300 _axv, 752p. :
_bill. ;
_c28cm.
500 _aInclude index.
650 _aAlgebra.
700 _aFrisk, Peter D.
700 _aHughes, Jeffrey D.
942 _2lcc
_cBOOKS
_hQA 152.3 .G87 2010